Zákony 2001 úplné znenie

Enregistré dans:
Détails bibliographiques
Format: Livre
Langue:slovaque
Publié: Žilina PORADCA 2001
Tags: Ajouter un tag
Pas de tags, Soyez le premier à ajouter un tag!

MARC

LEADER 00000nam a2200000 4500
001 c124916
005 20250617074759.6
022 |a 1335-6127 
041 0 |a slo 
044 |a SK 
245 1 0 |a Zákony 2001  |b úplné znenie 
264 1 |a Žilina  |b PORADCA  |c 2001 
300 |a 96 s.